Pięć państw z największą liczbą użytkowników JetPunk według kontynentu - Statystyki

Ogólne statystyki
  • Ten quiz został rozwiązany 27 razy
  • Średni wynik to 24 z 30
Statystyki odpowiedzi
Kontynent % Państwa % Poprawnych
Europa 12,4% Polska
100%
Europa 10,4% Niemcy
96%
Europa 14,2% Wielka Brytania
96%
Oceania 81,4% Australia
92%
Europa 31,7% Francja
92%
Oceania 18,2% Nowa Zelandia
92%
Afryka 14,4% Republika Południowej Afryki
92%
Ameryka Północna 81,7% Stany Zjednoczone
92%
Ameryka Pułudniowa 8,9% Argentyna
88%
Ameryka Pułudniowa 73,8% Brazylia
88%
Afryka 11,3% Egipt
88%
Azja 13,9% Japonia
88%
Ameryka Północna 15,6% Kanada
88%
Afryka 11,4% Algieria
83%
Europa 4,8% Hiszpania
83%
Azja 12,2% Indie
83%
Afryka 22,4% Maroko
83%
Ameryka Północna 1,8% Meksyk
83%
Ameryka Pułudniowa 5,7% Kolumbia
79%
Ameryka Pułudniowa 2,9% Peru
79%
Afryka 7,8% Tunezja
79%
Ameryka Pułudniowa 5,1% Chile
75%
Azja 14,6% Tajlandia
71%
Ameryka Północna 0,1% Dominikana
54%
Oceania 0,2% Fidżi
54%
Azja 7,3% Filipiny
54%
Oceania 0,1% Papua Nowa Gwinea
54%
Azja 10,0% Turcja
54%
Ameryka Północna 0,2% Kostaryka
50%
Oceania 0,1% Vanuatu
50%
Nie znaleziono quizów pasujących do podanych kryteriów
Rozkład punktacji
Procent ludzi z każdym wynikiem
Percentyl według liczby udzielonych odpowiedzi
Twoja historia wyników
Nie rozwiązałeś tego quizu